MARC

Tag First Indicator Second Indicator Subfields
LEADER 00000cam a2200000 4500
001 in00000577721
005 20151014075955.0
008 740312s1973 eng u
035 |a (OCoLC)00827577 
035 |9 ACP8272AM 
040 |c TRL  |d m.c.  |d TXA  |d UtOrBLW 
049 1 |a TXA2 
090 |a TE203  |b .I45 no. 49 
100 1 |a Elliott, Robert P. 
245 1 0 |a Traffic evaluation for secondary and local pavement design. 
264 1 |a Springfield :  |b Illinois Dept. of Transportation,  |c 1973. 
300 |a 34 leaves :  |b tables. 
336 |a text  |b txt  |2 rdacontent 
337 |a unmediated  |b n  |2 rdamedia 
338 |a volume  |b nc  |2 rdacarrier 
490 1 |a Illinois. Department of Transportation. Bureau of Materials and Physical Research. Report ;  |v no. 49 
500 |a PB 226 550. 
500 |a Illinois. Bureau of Materials and Physical Research. Physical research report number 49. 
500 |a Performed for the U.S. Federal Highway Administration. 
500 |a U.S. Federal Highway Administration. Structures and Applied Mechanics Division. R & D report number 49. 
500 |a Interim report. 
504 |a Bibliography: leaves 34. 
650 0 |a Roads  |x Design and construction. 
650 0 |a Pavements. 
710 1 |a Illinois.  |b Department of Transportation. 
710 1 |a Illinois.  |b Bureau of Materials and Physical Research. 
710 1 |a United States.  |b Federal Highway Administration. 
710 1 |a United States.  |b Federal Highway Administration.  |t R&D report no. S-0172. 
710 2 |a American Association of State Highway Officials. 
740 0 |a AASHO road test. 
830 0 |a Physical research report (Illinois. Department of Transportation) ;  |v no. 49. 
999 |a MARS 
999 f f |s 15060f22-1b12-3429-a82b-caf01763279f  |i 05591af6-17ec-30f0-b3af-c8e60123ffd4  |t 0 
952 f f |p ric  |a Texas A&M University  |b Rellis Campus  |c Joint Library Facility  |d Remote Storage  |t 0  |e TE203 .I45 no. 49  |h Library of Congress classification  |i unmediated -- volume  |m A14810726142 
998 f f |a TE203 .I45 no. 49  |t 0  |l Remote Storage